000 00298nam a22001337a 4500
008 260328b |||||||| |||| 00| 0 eng d
020 _a9789384232344
040 _a30
100 _aSHARMA RAJESH
245 _aSHARIR KRIYA VIGYAAN (IInd)
260 _aR.LALL.BOOK
300 _a320
942 _c02
999 _c67737
_d67737